Представление документа в формате RUSMARC

ПолеНазваниеЗначение
  Тип записи i
  Библиографический уровень m
001 Контрольный номер RU/IS/BASE/469191906
005 Дата корректировки 20201206204932.6
010 Индекс ISBN __
a ISBN 978-5-9677-1678-2 (в кор.)
d Цена 204-75
100 Данные общей обработки __
a Данные общей обработки 19141113d2011||||||| 0rusy0189 ca
101 Язык документа 0_
a Язык текста rus
102 Страна публикации __
a Страна публикации ru|
105 Кодированные данные (монография) __
a Кодированные данные (монография) nn|||||||z|zy
127 Кодированные данные (звукозаписи-физические характеристики) __
a Продолжительность проигрывания 11 ч 47 мин
200 Заглавие и сведения об ответственности 1_
a Заглавие Морской волк
e Сведения, относящиеся к заглавию [роман : аудиокнига : 12+]
f Первые сведения об ответственности Джек Лондон ; [текст читает Эдуард Харитонов]
b Общее обозначение материала Звукозапись
210 Выходные данные __
a Место издания Москва
c Издательство 1С-Паблишинг
c Издательство Дистрибутор
d Дата издания 2011
215 Физическое описание __
a Объем 1 электрон. опт. диск (Audio CD)
c Иллюстрации/тип воспроизводства mp3, stereo
d Формат 12х14 см
225 Серия __
a Серия 1С: Аудиокниги
225 Серия __
a Серия Приключения
230 Специфическая характеристика материала: электронные ресурсы __
a Обозначение и объем ресурса Электронные звуковые данные
323 Примечание о главных создателях, исполнителях, участниках __
a Примечание о главных создателях, исполнителях, участниках Харитонов, Э. (читает)
330 Аннотация __
a Аннотация Джек Лондон - выдающийся американский прозаик, новеллист, публицист. Его приключенческий роман "Морской волк" - увлекательное повествование о вынужденном путешествии далекого от мореходства человека, литературного критика Ван-Вейдена, на промысловой шхуне "Призрак", чья небольшая команда занята добычей морских котиков. В центре произведения - капитан "Призрака" по прозвищу Волк Ларсен, личность незаурядная: сильный, грубый, безжалостный человек, железной рукой поддерживающий порядок на судне, и в то же время - любитель литературы и философии. Неожиданно на шхуне появляется молодая женщина - поэтесса Мод Брустер, и сюжет обретает новый поворот...
333 Примечание о целевом назначении __
a Примечание о целевом назначении 12+. Для детей старше 12 лет
337 Примечание о системных требованиях (электронные ресурсы) __
a Примечание о системных требованиях (электронные ресурсы) Системные требования: ПК: MS Windows ; Pentium 100 ; RAM 16Mb ; монитор SVGA, 800x600 ; CD/DVD-ROM ; звуковая карта ; колонки или наушники ; мышь или аудиосистемы с поддержкой формата МР3: муз. центр ; CD/DVD-плеер и т.д.
606 Тематические рубрики __
a Основная рубрика Художественная литература
606 Тематические рубрики __
a Основная рубрика Литература Америки (произведения)
y Географическая подрубрика США
610 Ключевые слова __
a Ключевые слова американская литература
a Ключевые слова зарубежная литература
a Ключевые слова иностранная литература
a Ключевые слова приключенческая литература
a Ключевые слова приключенческие романы
a Ключевые слова романы
a Ключевые слова тема жизни
a Ключевые слова тема любви
a Ключевые слова тема моря
a Ключевые слова тема мужчины
a Ключевые слова тема приключений
a Ключевые слова тема путешествий
a Ключевые слова тема человека
686 Индексы других классификаций __
2 Код системы rubbks
a Классификационный индекс 84(7Сое)53-4я04
700 Автор _1
a Фамилия Лондон
b Имя Д.
g Полное личное имя Джек
4 Код отношения 070
801 Источник записи _0
a Страна ru
b Организация Муниципальное бюджетное учреждение культуры "Централизованная библиотечная система" г. Сургут (Центральная городская библиотека им. А. С. Пушкина)
c Дата составления 20141113
g Правила каталогизации КиК/Лукашук
801 Источник записи _1
a Страна ru
b Организация Муниципальное бюджетное учреждение культуры "Централизованная библиотечная система" г. Сургут (Центральная городская библиотека им. А. С. Пушкина)
c Дата составления 20141113
g Правила каталогизации КиК/Лукашук
852 Данные о местонахождении __
j Шифр хранения 84(7Сое)53-4я04
i Авторский знак Л 76
901 Тип документа __
t Тип документа 0
903 Характеристики (МАРС) __
a Дата передачи 20141113
969 Тип издания __
a Тип издания аудиокнига; издание для слепых
990 Данные о заказе (DOS) __
j Количество экземпляров (DOS) 2
t N записи в КСУ для И/У (DOS) 201411